000 00649nam a22001937a 4500
999 _c162703
_d162703
005 20190319144607.0
010 _aENG-124897
020 _a9789386473417
_c695.00
035 _aEN-108429
037 _bDBAD/PUB
082 _a302.2345
100 _aRao, N Bhaskara
245 _aThe TRP rick:
_cby N Bhaskara Rao
_bhow television in india was hijaked/
260 _aNew Delhi
_bVitasta Publishing
_c2019
270 _a2/15, Ansari Road, Daryaganj,
_bNew Delhi
_e110002
_minfo@vitastapublishing.com
300 _axvii, 258p.
_c21cm(Hb)
_bill.
500 _aIt includes annexures and references.
942 _2ddc
_cEN
_h302.2345
_mRAO